Materials chemistry / (Record no. 11366)

MARC details
000 -LEADER
fixed length control field 00510nam a22001577a 4500
008 - FIXED-LENGTH DATA ELEMENTS--GENERAL INFORMATION
fixed length control field 090421t xxu||||| |||| 00| 0 eng d
082 ## - DEWEY DECIMAL CLASSIFICATION NUMBER
Edition number 22
Classification number 620.112
Item number FAH
100 ## - MAIN ENTRY--PERSONAL NAME
9 (RLIN) 3983
Personal name Fahlman, Bradley D.
245 ## - TITLE STATEMENT
Title Materials chemistry /
Statement of responsibility, etc by Bradley D. Fahlman.
260 ## - PUBLICATION, DISTRIBUTION, ETC. (IMPRINT)
Place of publication, distribution, etc [London] :
Name of publisher, distributor, etc Springer,
Date of publication, distribution, etc 2007
300 ## - PHYSICAL DESCRIPTION
Extent xi, 485 p. :
Other physical details ill. ;
Dimensions 25 cm.
500 ## - GENERAL NOTE
General note Includes index.
650 ## - SUBJECT ADDED ENTRY--TOPICAL TERM
9 (RLIN) 3984
Topical term or geographic name as entry element Materials
General subdivision -- Analysis.
650 ## - SUBJECT ADDED ENTRY--TOPICAL TERM
9 (RLIN) 3985
Topical term or geographic name as entry element Materials
Form subdivision -- Problems, exercises, etc.
942 ## - ADDED ENTRY ELEMENTS (KOHA)
Source of classification or shelving scheme Dewey Decimal Classification
Item type
Holdings
Withdrawn status Item status Source of classification or shelving scheme Damaged status Not for loan Vendor Home library Current library Shelving location Date acquired Source of acquisition Cost, normal purchase price Serial Enumeration / chronology Total Checkouts Total Renewals Full call number Barcode Date last seen Date last borrowed Koha item type
    Dewey Decimal Classification     Alahram Central Library Central Library First floor 21/04/2009   560.00 362 1 6 620.112 FAH 000016047 15/07/2025 20/03/2013 Book - Borrowing